01162nam a2200277 u 450000100070000000500170000700800410002403500110006504000130007604100080008908200080009710000530010524501110015826000430026930000130031265000340032565000350035965000350039465000330042965000390046270000540050194200100055599900190056550001440058495201560072887241320260506152332.0040430e20040501 ||||||m| spa  a872413 ccomduadb aspa 4a66910aCalvo Garcia, Gustavo Hernando4auteaut938619010aImplementacion de analisis de la gota para identificacion de elementos metalicos en aleaciones comerciales aMedellín :b[sin publicador],c2004. a80 hojas aMateriales metálicos934469 aMétodos cuantitativos939752 aAleaciones - Análisis960236 aMetales - Análisis9174395 7aQuímica analítica2lemb94267910aMejía Arango, Héctor Daniel4thseths9511108 cTESIS c310019d310019 aTesis (Ingeniero Metalurgico) Universidad de Antioquia Departamento de Ingenieria Metalurgica y de materiales - Título del grado otorgado 001040708TESISBCaBCbBCd2004-04-30eMaterial adquirido por donacióniC825588l0o669.92 C169p0559995r2023-04-25 00:00:00t1w2023-04-25yTESIS